Plant associated toxins (Record no. 81962)

MARC details
000 -LEADER
fixed length control field 00748nam a2200157 a 4500
008 - FIXED-LENGTH DATA ELEMENTS--GENERAL INFORMATION
fixed length control field 120416s0000 ||||||||||||||||| || u
020 ## - INTERNATIONAL STANDARD BOOK NUMBER
International Standard Book Number 0851989098
050 ## - LIBRARY OF CONGRESS CALL NUMBER
Classification number RA 1250 Pla
100 ## - MAIN ENTRY--PERSONAL NAME
Personal name Colegate, S. M
245 10 - TITLE STATEMENT
Title Plant associated toxins
Statement of responsibility, etc. edited by S. M. Colegate
246 ## -
-- agricultural, phytochemical and ecological aspects
260 ## - PUBLICATION, DISTRIBUTION, ETC.
Place of publication, distribution, etc. London
Name of publisher, distributor, etc. Cab International
Date of publication, distribution, etc. 1994
350 ## -
-- 0.00
995 ## -
-- MAIN LIBRARY OPEN ACCESS
-- 0.00
-- 734347
-- CBU-MAIN LIBRARY (Kitwe)
-- 1
-- 30.90
-- RA 1250 Pla
-- 1
-- AVAILABLE
-- Apr 10, 2007
-- 46578
-- Main Library Open Access Collection
995 ## -
-- MAIN LIBRARY OPEN ACCESS
-- 0.00
-- 734348
-- CBU-MAIN LIBRARY (Kitwe)
-- 2
-- 30.90
-- RA 1250 Pla
-- 2
-- AVAILABLE
-- Apr 10, 2007
-- 46596
-- Main Library Open Access Collection
999 ## -
-- 81962
-- 81962
Holdings
Withdrawn status Lost status Source of classification or shelving scheme Damaged status Not for loan Permanent Location Current Location Shelving location Date acquired Total Checkouts Full call number Barcode Date last seen Copy number Price effective from Koha item type
          CBU-MAIN LIBRARY, KITWE. CBU-MAIN LIBRARY, KITWE.   09/12/2023   RA 1250 Pla 46578 09/12/2023 1 09/12/2023 MONOGRAPH
          CBU-MAIN LIBRARY, KITWE. CBU-MAIN LIBRARY, KITWE.   09/12/2023   RA 1250 Pla 46596 09/12/2023 2 09/12/2023 MONOGRAPH